000 01149nam a2200301 a 4500
001 BRCA_8538
005 20190320210326.0
008 110816s1681----uk-#######---#000-0#eng-#
041 _aeng
044 _aUk
050 4 _aPR3415
_b.D79
_c1681
100 1 _aDryden, John
_921408
245 1 0 _aThe indian emperour or the conquest of mexico by the spaniards
_cJohn Dryden.
260 _aLondon
_bH. Herringman
_c1681
300 _a68 p.
_c22 cm
500 _aFondo antiguo
500 _aSe encuentra en Caja Fuerte
500 _aB-19
500 _aCon Ex-libris de: Franz Mayer
500 _aCon dedicatoria: to the most excellent and most illustrious princess Anne Dutchess of Monmouth, and Bucclugh, wife to the most illustrious and high- born prince James Duke of Monmouth
500 _aContiene prólogo
500 _aIncluye epílogo
500 _aNota de encuadernación: holandesa, edición de cantos dorados
506 0 _aFondo reservado: para su consulta es necesario credencial de usuario y carta de motivos
650 1 4 _aMoctezuma
_eEmperador de México
_xaproximadamente 1480-1520
_921409
902 _aLAR
942 _2lcc
_cB
999 _c8202
_d8202